000 00728nam a2200229Ia 4500
003 OSt
005 20220923220837.0
006 a|||||r|||| 00| 0
007 ta
008 220922b |||||||| |||| 00| 0 hin d
024 _a191,221
037 _cTextual
040 _aARTS
_cARTS
_bhin
041 _2hin
_ahin
082 _aV1:1:N3, 152H1.2
100 _aवैल्स, एच0 जी0
245 0 _aसंसार का संक्षिप्त इतिहास, अनु मदनगोपाल
246 _aSansār kā sankṣpunta itihāsa, anu0 madanagopāla
260 _c1941
942 _hV1:1:N3, 152H1.2
_cTEXL
_2CC
999 _c343928
_d343928